In quale squadra NON ha giocato? - Quiz n°21 - Statistics

Statistiche generali
  • Questo quiz è stato fatto 12 volte
  • Il punteggio medio è 4 su 6
Statistiche sulle risposte
Domanda Risposta % Corretto
Piotr Zieliński Atalanta
83%
Yaya Touré Manchester United
83%
Nicolò Zaniolo Fenerbahçe
67%
Mattia Zaccagni Vicenza
67%
Emre Can Aston Villa
50%
Serge Gnabry Stoccarda
33%
Nessun quiz corrispondente trovato
Distribuzione punteggi
Percentuale di utenti per punteggio
Percentile per numero di risposta
I tuoi punteggi nel tempo
Non hai fatto questo quiz